JoJo's Bizarre Adventure Localization Names #5 - Statistics

General Stats
  • This quiz has been taken 28 times
  • The average score is 11 of 25
Answer Stats
Hint Answer % Correct
Bite The Dust Bites The Dust
84%
Cheap Trap Cheap Trick
84%
Chilly Pants Hot Pants
80%
Animal Shop Pet Shop
80%
Achtug Baby Achtung Baby
72%
Sound Man Sandman
72%
Narc Anastasia Narciso Anasui
68%
Tenor Sax Tenore Sax
60%
Axel Row Axl RO
56%
Green, Green, Green Home Green, Green Grass of Home
56%
Heavy Forecast Heavy Weather
56%
Silent Ways In a Silent Way
56%
Tomb of the Noise Tomb of the Boom
56%
Tubular Tubular Bells
52%
Fashionista Cinderella
44%
Savage Guardian Savage Garden
40%
Show Off Surface
40%
Mahrahia Mariah
32%
George Porge Georgie Porgie
16%
The Asian Amato
8%
Pitch Black Will Dark Determination
8%
Rose Midler
8%
Silver Barrette Silver Bullet
8%
Tiny and Butch Chibi and Buchi
4%
Gatta Tama
4%
No matching quizzes found
Score Distribution
Percent of People with Each Score
Percentile by Number Answered
Your Score History
You have not taken this quiz